|
|
|
|
| LEADER |
00000nbm0a2200000 4500 |
| 001 |
156078 |
| 005 |
20231101221900.0 |
| 029 |
0 |
0 |
|a RU
|b 72018954
|f TPU
|
| 035 |
|
|
|a (RuTPU)RU\TPU\book\169278
|
| 090 |
|
|
|a 156078
|
| 100 |
|
|
|a 20090323d1972 k y0rusy50 ca
|
| 101 |
0 |
|
|a rus
|
| 102 |
|
|
|a RU
|
| 105 |
|
|
|a a p 001zy
|
| 200 |
1 |
|
|a Исследование, разработка и внедрение рекомендаций по повышению надежности и экономичности электричкских машин мощностью до 100 Квт
|a Разработка математической модели старения изоляции обмоток электродвигателей подм действием температуры, вибрации, электродинамических усилий и влажности
|e Отчет о НИР
|e Тема : х/д 27/72
|f Томский политехнический институт (ТПИ) ; руководитель Ю. П. Похолков ; В. И. Деревянко
|
| 210 |
|
|
|a Томск
|d 1972
|
| 215 |
|
|
|a 76 л.
|
| 320 |
|
|
|a Библиогр.: с. 76.
|
| 606 |
|
|
|a Электрические машины
|x Испытание
|2 stltpush
|3 (RuTPU)RU\TPU\subj\27104
|9 50902
|
| 610 |
1 |
|
|a надежность
|
| 610 |
1 |
|
|a экономичность
|
| 610 |
1 |
|
|a математические модели
|
| 610 |
1 |
|
|a обмотки электрических машин
|
| 610 |
1 |
|
|a изоляция
|
| 610 |
1 |
|
|a температура
|
| 610 |
1 |
|
|a вибрации
|
| 610 |
1 |
|
|a электродинамические усилия
|
| 610 |
1 |
|
|a отчеты о НИР
|
| 675 |
|
|
|a 621.313.001.4(04)
|v 3
|
| 702 |
|
1 |
|a Похолков
|b Ю. П.
|c российский физик, электротехник, доктор технических наук
|c ректор Томского политехнического университета (1990-2008), профессор
|c выпускник ТПИ 1961 г.
|f 1939-
|g Юрий Петрович
|2 stltpush
|3 (RuTPU)RU\TPU\pers\10508
|4 673
|
| 702 |
|
1 |
|a Деревянко
|b В. И.
|4 677
|
| 712 |
0 |
2 |
|a Томский политехнический институт (ТПИ)
|c (1944-1991)
|2 stltpush
|3 (RuTPU)RU\TPU\col\1123
|4 595
|
| 801 |
|
1 |
|a RU
|b 63413507
|c 20090323
|g PSBO
|
| 801 |
|
2 |
|a RU
|b 63413507
|c 20180416
|g RCR
|
| 942 |
|
|
|c BK
|